000 00287nam a22001337a 4500
008 170717b xxu||||| |||| 00| 0 eng d
020 _a081471840X
041 _aeng
080 _a2
100 _a24
101 _aTEO
245 _aTHEOLOGY OF DISCONTENT
_cDABASHI, H
942 _2udc
_cBK
999 _c21299
_d21299